000 01263 a2200241 4500
001 52893
005 20260407155803.0
008 260407a1999 arg spa d
003 AR-UNSa-BCEJYS
040 _aAR-UNSa-BCEJYS
_bspa
_cAR-UNSa-BCEJYS
080 _a336.744
_xMoneda universal, mundial. Moneda internacional. Convenciones monetarias internacionales. Países con la misma moneda (Economía Monetaria Internacional)
245 1 0 _aEconomía monetaria internacional
020 _a958-682-116-1
250 _a3a. ed.
264 1 _aMéxico :
_bAlfaomega Grupo Editor
_c1999
300 _a333 p.
_c23 cm.
505 _a1. Aspectos básicos de las relaciones financieras internacionales - 2. Equilibrio general en un modelo real y en un modelo monetario - 3. Ajuste internacional con movimientos de capitales autónomos - 4. El ajuste internacional y el desempleo: Equilibrio externo e interno - 5. Algunas extensiones: Tarifas aduaneras, paridad de poder de compra y política cambiaria - 6. El sistema monetario internacional
041 _aspa
942 _cBK
590 _aniveau_biblio:m niveau_hierar:0
100 1 _aOssa Scaglia, Fernando
856 4 1 _uhttps://www.biblioeco.unsa.edu.ar/pmb/images/libros/L128295.jpg
_yImagen de portada
_qimage/jpeg
999 _c5015
_d5015